| 000 | 00695nam a22001937a 4500 | ||
|---|---|---|---|
| 005 | 20100807122538.0 | ||
| 010 | _aENG-98856 | ||
| 020 |
_a9789380060873 _c100.00 |
||
| 035 | _aEN-82388 | ||
| 037 | _bDBAD/PUB | ||
| 082 | _a899.6 | ||
| 100 |
_aKamali,H _98939 |
||
| 245 |
_aMyths in Thing's fall apart / _cby H Kamali |
||
| 260 |
_aSalem _bM S K Publications _c2009 |
||
| 270 |
_a3/189-E Athanoor Amman Kovil St Masinayaganpatti Post Ayyothiyappattinam _bSalem _e636103 |
||
| 300 |
_a117p _c20cm(pbk) |
||
| 942 |
_2ddc _cEN _h899.6 _mKAM |
||
| 999 |
_c40025 _d40025 |
||